GANDHI'S RISE TO POWER (Record no. 20946)

MARC details
000 -LEADER
fixed length control field 00353nam a22001457a 4500
003 - CONTROL NUMBER IDENTIFIER
control field SGT
020 ## - INTERNATIONAL STANDARD BOOK NUMBER
International Standard Book Number 9781108700351
082 ## - DEWEY DECIMAL CLASSIFICATION NUMBER
Classification number 954
Item number BRO
100 ## - MAIN ENTRY--PERSONAL NAME
Personal name BROWN , JUDITH M
245 ## - TITLE STATEMENT
Title GANDHI'S RISE TO POWER
Remainder of title INDIAN POLITICS 1915-1922
250 ## - EDITION STATEMENT
Edition statement 1
260 ## - PUBLICATION, DISTRIBUTION, ETC. (IMPRINT)
Place of publication, distribution, etc NEW DELHI
Name of publisher, distributor, etc CAMBRIDGE UNIVERSITY PRESS
Year of Publication 2018
300 ## - PAGE DESCRIPTION
No. of Pages XVI , 384
942 ## - ADDED ENTRY ELEMENTS (KOHA)
Source of classification or shelving scheme Dewey Decimal Classification
Koha item type Books
Holdings
Withdrawn status Lost status Source of classification or shelving scheme Damaged status Not for loan Collection code Home library Current library Shelving location Date acquired Vendor Name Cost, normal purchase price SGTU Bill Number Total Checkouts Full call number Accession No. (Barcode) Date last seen Bill Date Koha item type
    Dewey Decimal Classification     LAW SGT Science & Social Sciences Library SGT Science & Social Sciences Library Text Book 10/03/2021 AHUJA BOOK COMPANY 625.00 SGTU 12726   954 BRO FL2510 10/03/2021 19/02/2021 Books
    Dewey Decimal Classification     LAW SGT Science & Social Sciences Library SGT Science & Social Sciences Library Text Book 10/03/2021 AHUJA BOOK COMPANY 625.00 SGTU 12726   954 BRO FL2511 10/03/2021 19/02/2021 Books
    Dewey Decimal Classification     LAW SGT Science & Social Sciences Library SGT Science & Social Sciences Library Text Book 10/03/2021 AHUJA BOOK COMPANY 625.00 SGTU 12726   954 BRO FL2512 10/03/2021 19/02/2021 Books
    Dewey Decimal Classification     LAW SGT Science & Social Sciences Library SGT Science & Social Sciences Library Text Book 10/03/2021 AHUJA BOOK COMPANY 625.00 SGTU 12726   954 BRO FL2513 10/03/2021 19/02/2021 Books
    Dewey Decimal Classification     LAW SGT Science & Social Sciences Library SGT Science & Social Sciences Library Text Book 10/03/2021 AHUJA BOOK COMPANY 625.00 SGTU 12726   954 BRO FL2514 10/03/2021 19/02/2019 Books